[Event "Manitoba Closed"]
[Site "Winnipeg CAN"]
[Date "2025.08.10"]
[Round "5.6"]
[White "Gerona, Joshua"]
[Black "Klusa, Mark"]
[Result "0-1"]
[Annotator "aboro"]
[WhiteElo "1952"]
[BlackElo "2210"]
[WhiteFideId "-1"]
[WhiteFideId "-1"]
[PlyCount "116"]
[GameId "2226455322626450"]
[EventDate "2025.08.08"]
[EventType "swiss"]
[EventRounds "5"]
[EventCountry "CAN"]

1. d4 d5 2. c4 c6 3. cxd5 cxd5 4. Nc3 Nf6 5. Bf4 e6 6. Nf3 Bd6 7. Bxd6 Qxd6 8. e3 O-O 9. Bd3 Nc6 10. O-O a6 11. Rc1 b5 12. e4 dxe4 13. Nxe4 Nxe4 14. Bxe4 Bb7 15. Ne5 Na5 16. Bxb7 Nxb7 17. Rc6 Qd5 18. Rc7 Rac8 19. Rd7 Nd6 20. Re1 Rfd8 21. b3 Rxd7 22. Nxd7 Rd8 23. Nc5 Qc6 24. Qf3 Qxf3 25. gxf3 a5 26. Re5 Nf5 27. Nb7 Rb8 28. Rxb5 Nxd4 29. Rxa5 Nxf3+ 30. Kg2 Nh4+ 31. Kf1 Kf8 32. Ra7 Nf3 33. h3 Nd4 34. Nd6 f5 35. Rf7+ Kg8 36. Rb7 Rxb7 37. Nxb7 Kf7 38. b4 Ke7 39. a4 Kd7 40. Nc5+ Kc6 41. a5 e5 42. a6 Kb6 43. Nd7+ Kxa6 44. Nxe5 Kb5 45. Kg2 Kxb4 46. Kg3 Kc5 47. Kf4 Kd5 48. h4 g6 49. Nd3 Ne6+ 50. Kg3 Ke4 51. Nb4 Nd4 52. Na6 f4+ 53. Kg4 Ne6 54. f3+ Ke3 55. Nb4 h5+ 56. Kh3 Kxf3 57. Nc6 Ke2 58. Ne5 f3 0-1

[Event "Manitoba Closed"]
[Site "Winnipeg CAN"]
[Date "2025.08.10"]
[Round "5.7"]
[White "Zhou, Joe"]
[Black "Gres, Yakiv"]
[Result "0-1"]
[WhiteElo "1926"]
[BlackElo "2004"]
[WhiteFideId "-1"]
[WhiteFideId "-1"]
[PlyCount "56"]
[GameId "2226455322626451"]
[EventDate "2025.08.08"]
[EventType "swiss"]
[EventRounds "5"]
[EventCountry "CAN"]

1. Nf3 d5 2. e3 Nf6 3. c4 e6 4. Nc3 c5 5. cxd5 exd5 6. d4 cxd4 7. Nxd4 Nc6 8. Bb5 Bd7 9. O-O Bd6 10. Be2 Ne5 11. b3 O-O 12. Bb2 Qe7 13. Nf3 Nxf3+ 14. Bxf3 Qe5 15. g3 Bh3 16. Re1 Rad8 17. Qe2 Qe6 18. Red1 Bb8 19. Qb5 Qf5 20. Bh1 Ng4 21. Rd2 a6 22. Qd3 Qh5 23. Nxd5 Kh8 24. f4 Rfe8 25. Qc3 f6 26. Rad1 Ba7 27. Bf3 Nxe3 28. Nxe3 Qxf3 0-1

[Event "Manitoba Closed"]
[Site "Winnipeg CAN"]
[Date "2025.08.10"]
[Round "5.8"]
[White "Bonness, Will"]
[Black "Nagelberg, Alan"]
[Result "1-0"]
[WhiteElo "1968"]
[BlackElo "2017"]
[WhiteFideId "-1"]
[WhiteFideId "-1"]
[PlyCount "157"]
[GameId "2226455322630548"]
[EventDate "2025.08.08"]
[EventType "swiss"]
[EventRounds "5"]
[EventCountry "CAN"]

1. e4 g6 2. d4 Bg7 3. Nc3 d6 4. Be3 a6 5. Qd2 b5 6. Bd3 Bb7 7. a3 Nd7 8. Nge2 c5 9. dxc5 Nxc5 10. O-O Nf6 11. f3 O-O 12. Rad1 Qc7 13. Bh6 Rfd8 14. Bxg7 Kxg7 15. Ng3 e5 16. Qg5 Ng8 17. h4 Ne6 18. Qe3 Qe7 19. h5 Nf4 20. hxg6 hxg6 21. Nge2 g5 22. g3 Ne6 23. Kf2 Nh6 24. Rh1 Rh8 25. Kg2 Rh7 26. Nd5 Qd8 27. Rdf1 Nc5 28. Ndc3 Qf6 29. b4 Nd7 30. Nd5 Bxd5 31. exd5 Rhh8 32. g4 Nf8 33. Ng3 Qd8 34. Rh5 f6 35. Rfh1 Ng6 36. Bxg6 Kxg6 37. Qe4+ Kg7 38. Rxh6 Rxh6 39. Nf5+ Kf8 40. Rxh6 Kg8 41. Ne3 Qe7 42. Qg6+ Qg7 43. Qxf6 Qxf6 44. Rxf6 Rc8 45. Rxd6 Rc3 46. Kf2 Rxa3 47. Rc6 Kf7 48. Nf5 Ra4 49. c3 Ra1 50. Nd6+ Ke7 51. Ne4 Rd1 52. d6+ Kd7 53. Rxa6 Rc1 54. Rb6 Rc2+ 55. Ke3 Rc1 56. Rxb5 Re1+ 57. Kf2 Rc1 58. Rxe5 Kc6 59. Rxg5 Kd7 60. Rf5 Ke6 61. Ke2 Rb1 62. Kd3 Rb2 63. Kc4 Rb1 64. Kc5 Rb2 65. c4 Rb3 66. b5 Rb2 67. Ng5+ Kd7 68. Kb6 Kxd6 69. c5+ Ke7 70. Rd5 Rh2 71. c6 Rh3 72. Kb7 Rh8 73. c7 Rg8 74. c8=Q Rxc8 75. Kxc8 Kf6 76. b6 Ke7 77. b7 Kf6 78. b8=Q Kg7 79. Qe5+ 1-0

[Event "Manitoba Closed"]
[Site "Winnipeg CAN"]
[Date "2025.08.10"]
[Round "5.9"]
[White "Klokow, John"]
[Black "Pottinger, Carl"]
[Result "1-0"]
[WhiteElo "1815"]
[BlackElo "1710"]
[WhiteFideId "-1"]
[WhiteFideId "-1"]
[PlyCount "115"]
[GameId "2226455322630549"]
[EventDate "2025.08.08"]
[EventType "swiss"]
[EventRounds "5"]
[EventCountry "CAN"]

1. e4 c5 2. Nf3 d6 3. d4 cxd4 4. Nxd4 Nf6 5. Nc3 g6 6. Bc4 Bg7 7. Be3 O-O 8. f3 Nc6 9. Qd2 Bd7 10. O-O-O Rb8 11. h4 Nxd4 12. Bxd4 b5 13. Bb3 a5 14. a3 b4 15. axb4 axb4 16. Nd5 Nxd5 17. Bxg7 Kxg7 18. exd5 Qa5 19. Qd4+ f6 20. h5 Qb6 21. hxg6 hxg6 22. Qxb6 Rxb6 23. Rde1 Re8 24. Rh4 f5 25. Kd2 Kf6 26. Kd3 Bb5+ 27. Kd4 Rb7 28. Rh7 Bd7 29. f4 Bc8 30. Ba4 Rf8 31. Kc4 Rd8 32. Bc6 Rc7 33. Kxb4 Rg8 34. Kb5 Ra7 35. c3 Ra2 36. b4 Rxg2 37. Rhxe7 Rg4 38. Re8 Rxe8 39. Rxe8 Rxf4 40. Rxc8 g5 41. Ka6 g4 42. Rg8 Kf7 43. Rh8 g3 44. Rh1 g2 45. Rg1 Rf2 46. b5 Ra2+ 47. Kb7 f4 48. b6 f3 49. Bb5 Rb2 50. Bc4 Kf6 51. Kc7 Kg5 52. b7 Kf4 53. b8=Q Rxb8 54. Kxb8 Kg3 55. Bd3 f2 56. Rxg2+ Kxg2 57. Kc7 Kf3 58. Bf1 1-0

[Event "Manitoba op"]
[Site "Winnipeg CAN"]
[Date "2025.05.09"]
[Round "1.1"]
[White "Jodar, Marlon"]
[Black "Zhou, Joe"]
[Result "1-0"]
[WhiteElo "2317"]
[BlackElo "1894"]
[WhiteFideId "-1"]
[WhiteFideId "-1"]
[PlyCount "43"]
[GameId "2183595119831531"]
[EventDate "2025.05.09"]
[EventType "swiss"]
[EventRounds "5"]
[EventCountry "CAN"]

1. d4 d5 2. c4 e6 3. cxd5 exd5 4. Nc3 c6 5. Qc2 Nf6 6. Bg5 h6 7. Bh4 Be7 8. e3 Be6 9. Bd3 Nbd7 10. Nge2 O-O 11. O-O c5 12. Rad1 c4 13. Bf5 Nh5 14. Bxe6 fxe6 15. Bxe7 Qxe7 16. e4 Nb6 17. Qd2 Rae8 18. Qe3 g5 19. Qh3 Nf6 20. Qxh6 Nxe4 21. Nxe4 dxe4 22. Qg6+ 1-0

[Event "Manitoba op"]
[Site "Winnipeg CAN"]
[Date "2025.05.09"]
[Round "1.2"]
[White "Punay, Rhailey"]
[Black "Anderson, Collin"]
[Result "0-1"]
[WhiteElo "1845"]
[BlackElo "2251"]
[WhiteFideId "-1"]
[WhiteFideId "-1"]
[PlyCount "78"]
[GameId "2183595119831532"]
[EventDate "2025.05.09"]
[EventType "swiss"]
[EventRounds "5"]
[EventCountry "CAN"]

1. e4 c5 2. Nf3 Nc6 3. d4 cxd4 4. Nxd4 Nf6 5. Nc3 e5 6. Ndb5 d6 7. Nd5 Nxd5 8. exd5 Ne7 9. c4 Ng6 10. Qa4 Bd7 11. Qb4 Qb8 12. Be3 a6 13. Nc3 a5 14. Qa3 a4 15. c5 Be7 16. Nb5 O-O 17. Nxd6 Bxd6 18. cxd6 Nf4 19. Rd1 b5 20. Qb4 Re8 21. g3 Bg4 22. gxf4 Bxd1 23. Kxd1 exf4 24. Bxf4 Qc8 25. Rg1 Qf5 26. Qd4 Qb1+ 27. Bc1 g6 28. Bd3 Qxa2 29. Bxb5 Qb3+ 30. Kd2 Qxb5 31. Qd3 Qb4+ 32. Kd1 Qxd6 33. f4 Rad8 34. Rg5 f5 35. Qxf5 Qa6 36. Bd2 Qf1+ 37. Kc2 Rc8+ 38. Bc3 Re2+ 39. Kd3 Qd1+ 0-1

[Event "Manitoba op"]
[Site "Winnipeg CAN"]
[Date "2025.05.09"]
[Round "1.3"]
[White "Klusa, Mark"]
[Black "Hui, Zelus"]
[Result "1-0"]
[WhiteElo "2074"]
[BlackElo "1829"]
[WhiteFideId "-1"]
[WhiteFideId "-1"]
[PlyCount "83"]
[GameId "2183595119831533"]
[EventDate "2025.05.09"]
[EventType "swiss"]
[EventRounds "5"]
[EventCountry "CAN"]

1. e4 e6 2. d4 d5 3. exd5 exd5 4. Bd3 Nf6 5. Bg5 Bd6 6. Nf3 O-O 7. O-O Bg4 8. Nbd2 Nbd7 9. c3 h6 10. Bh4 Re8 11. Qb3 Qb8 12. Rae1 Rxe1 13. Rxe1 c6 14. Bg3 Bxg3 15. hxg3 Qc7 16. c4 Qb6 17. cxd5 Bxf3 18. gxf3 Nxd5 19. Bc4 Qxb3 20. Bxb3 N7f6 21. Nc4 a5 22. a3 b5 23. Ne5 Re8 24. Rc1 Kf8 25. Rxc6 Rd8 26. Rc5 a4 27. Ba2 Ne7 28. Rxb5 Nf5 29. Nxf7 Nxd4 30. Nxd8 Nxb5 31. Ne6+ Ke7 32. Nc5 Nd4 33. Kg2 Nc2 34. f4 Ne1+ 35. Kf1 Nf3 36. Nxa4 Ne4 37. Bd5 Nfd2+ 38. Ke2 Nf6 39. Nc3 Kd6 40. Kxd2 Nxd5 41. Nxd5 Kxd5 42. Kd3 1-0

[Event "Manitoba op"]
[Site "Winnipeg CAN"]
[Date "2025.05.09"]
[Round "1.5"]
[White "Nagelberg, Alan"]
[Black "Ghobrial, Youssef"]
[Result "1-0"]
[WhiteElo "2035"]
[BlackElo "1814"]
[WhiteFideId "-1"]
[WhiteFideId "-1"]
[PlyCount "51"]
[GameId "2183595119831534"]
[EventDate "2025.05.09"]
[EventType "swiss"]
[EventRounds "5"]
[EventCountry "CAN"]

1. c4 e6 2. e4 d5 3. cxd5 exd5 4. exd5 Qxd5 5. Nc3 Qa5 6. Bc4 Nf6 7. Nf3 Be7 8. d4 O-O 9. O-O Bg4 10. Re1 Bb4 11. Qd3 c6 12. Bd2 Nbd7 13. a3 Bxc3 14. bxc3 Qc7 15. Ne5 Rad8 16. Qg3 Nxe5 17. Rxe5 Bh5 18. Bg5 Bg6 19. Rae1 Qd6 20. h4 Rd7 21. Qf3 Nd5 22. Bxd5 cxd5 23. Be7 Be4 24. Bxd6 Rxd6 25. Qg3 Rg6 26. Rg5 1-0

[Event "Manitoba op"]
[Site "Winnipeg CAN"]
[Date "2025.05.09"]
[Round "1.6"]
[White "Wang, Lucas"]
[Black "Stordeur, Jackson"]
[Result "1/2-1/2"]
[WhiteElo "1802"]
[BlackElo "2018"]
[WhiteFideId "-1"]
[WhiteFideId "-1"]
[PlyCount "134"]
[GameId "2183595119831535"]
[EventDate "2025.05.09"]
[EventType "swiss"]
[EventRounds "5"]
[EventCountry "CAN"]

1. d4 Nf6 2. c4 e6 3. Nc3 Bb4 4. Nf3 b6 5. e3 Bb7 6. Bd3 O-O 7. O-O c5 8. a3 Bxc3 9. bxc3 d5 10. cxd5 Qxd5 11. c4 Qh5 12. Ne5 Qxd1 13. Rxd1 cxd4 14. exd4 Nc6 15. Bb2 Rfd8 16. Be2 Nxe5 17. dxe5 Nd7 18. Rd6 Nc5 19. Rad1 Rxd6 20. Rxd6 Kf8 21. Bd4 Ke7 22. Bxc5 bxc5 23. Bd1 Rd8 24. Rxd8 Kxd8 25. g3 Kc7 26. Kf1 Bc6 27. Ke2 Kb6 28. Kd2 Ka5 29. Kc3 Kb6 30. f4 Kc7 31. g4 f6 32. Bc2 h6 33. Kd2 Kd7 34. Kd3 Ke7 35. h4 fxe5 36. fxe5 g5 37. hxg5 hxg5 38. Bd1 Kd7 39. Kd2 Kc7 40. Kc3 Be4 41. Kb3 Bg2 42. Ka4 Kb6 43. Kb3 Ka5 44. Kc3 Bc6 45. Kb2 Be4 46. Kc3 Bg2 47. Kb2 Bf1 48. Kc3 Kb6 49. Kb3 a5 50. Kc3 Ka6 51. Kb3 a4+ 52. Kc3 Ka5 53. Bf3 Bh3 54. Kd3 Bf1+ 55. Be2 Bg2 56. Ke3 Bc6 57. Kd3 Kb6 58. Kc3 Kc7 59. Kd3 Be8 60. Bf3 Kd8 61. Be4 Ke7 62. Bb7 Bd7 63. Ke3 Kd8 64. Kd3 Ke7 65. Ke3 Kd8 66. Kd3 Ke7 67. Ke3 Kd8 1/2-1/2

[Event "Manitoba op"]
[Site "Winnipeg CAN"]
[Date "2025.05.09"]
[Round "1.7"]
[White "Gres, Yakiv"]
[Black "Villamar, Eros"]
[Result "0-1"]
[WhiteElo "2006"]
[BlackElo "1790"]
[WhiteFideId "-1"]
[WhiteFideId "-1"]
[PlyCount "124"]
[GameId "2183595119831536"]
[EventDate "2025.05.09"]
[EventType "swiss"]
[EventRounds "5"]
[EventCountry "CAN"]

1. e4 e6 2. d4 d5 3. exd5 exd5 4. Nf3 Bd6 5. Bd3 Nf6 6. Qe2+ Qe7 7. Qxe7+ Bxe7 8. Bf4 c6 9. O-O O-O 10. Re1 Re8 11. Nbd2 h6 12. h3 Be6 13. a4 a5 14. c3 Nbd7 15. Nf1 Nf8 16. Ng3 Bd7 17. Re2 Ne6 18. Be5 g6 19. Nh2 h5 20. Nf3 Nh7 21. Nf1 Nhg5 22. N1d2 Nxf3+ 23. Nxf3 Ng7 24. Rae1 Ne6 25. Nd2 Bg5 26. h4 Nf4 27. Bxf4 Rxe2 28. Rxe2 Bxf4 29. Nb3 b6 30. Re7 Rd8 31. g3 Bd6 32. Re3 Rc8 33. Kg2 Kg7 34. Re1 Ra8 35. c4 dxc4 36. Bxc4 b5 37. axb5 cxb5 38. Bd5 Ra7 39. Ra1 a4 40. Nc5 Bxc5 41. dxc5 Rc7 42. Rc1 Bc6 43. Bxc6 Rxc6 44. Kf3 Kf6 45. Ke4 Ke6 46. Kd4 Kd7 47. Kd5 Rf6 48. c6+ Kc7 49. f4 Rd6+ 50. Ke5 f6+ 51. Ke4 Rxc6 52. Rb1 f5+ 53. Ke5 b4 54. Ra1 Ra6 55. b3 a3 56. Kd5 Rc6 57. Re1 Kd7 58. Rg1 Rc3 59. Ke5 Rxb3 60. Kf6 a2 61. Ra1 Ra3 62. Kxg6 b3 0-1

[Event "Manitoba op"]
[Site "Winnipeg CAN"]
[Date "2025.05.09"]
[Round "1.8"]
[White "Pottinger, Carl"]
[Black "Hamm, Gabriel"]
[Result "1-0"]
[WhiteElo "1781"]
[BlackElo "2003"]
[WhiteFideId "-1"]
[WhiteFideId "-1"]
[PlyCount "177"]
[GameId "2183595119831537"]
[EventDate "2025.05.09"]
[EventType "swiss"]
[EventRounds "5"]
[EventCountry "CAN"]

1. d4 Nf6 2. Bf4 d5 3. Nf3 c5 4. e3 Nc6 5. Nbd2 e6 6. c3 Nh5 7. Bg5 f6 8. Ne5 g6 9. g4 Ng7 10. Nxc6 bxc6 11. Bh6 Qc7 12. h4 Bd6 13. Be2 O-O 14. Qc2 e5 15. dxc5 Bxc5 16. O-O-O Re8 17. Bxg7 Kxg7 18. Nb3 Bb6 19. g5 fxg5 20. hxg5 Bf5 21. Bd3 e4 22. Be2 a5 23. c4 a4 24. Nd4 Bd7 25. cxd5 cxd5 26. Qxc7 Bxc7 27. Bb5 Bxb5 28. Nxb5 Re5 29. Nxc7 Rc8 30. Rhg1 Rxc7+ 31. Kd2 Rf5 32. Rg2 Kf7 33. Rc1 Rb7 34. Rc2 Ke6 35. Kc3 Kd6 36. b3 axb3 37. axb3 Rff7 38. Kb2 Rb5 39. Rc3 Ke5 40. Kc2 d4 41. exd4+ Kxd4 42. Rc4+ Ke5 43. Kc3 Rf3+ 44. Kc2 Rfxb3 45. Rc7 Rb2+ 46. Kc3 R5b3+ 47. Kc4 Rc2+ 48. Kxb3 Rxc7 49. Kb2 Kf4 50. Rg3 Ke5 51. Rb3 Kf5 52. Rg3 Kf4 53. Kb3 Rc5 54. Rh3 Rc7 55. Rg3 Rc1 56. Rh3 Rf1 57. Rxh7 Rxf2 58. Rf7+ Ke3 59. Rf6 Rf3 60. Rxg6 Kf2+ 61. Kc2 e3 62. Re6 e2 63. Kd2 Rg3 64. Rxe2+ Kf1 65. Re1+ Kf2 66. Re2+ Kf1 67. Re5 Kf2 68. Rf5+ Kg2 69. Ke2 Kh2 70. Kf2 Rg2+ 71. Kf3 Rg3+ 72. Kf4 Rg1 73. Ke5 Kh3 74. Kf6 Ra1 75. g6 Ra6+ 76. Kg7 Ra7+ 77. Rf7 Ra4 78. Kg8 Rg4 79. g7 Ra4 80. Kf8 Ra8+ 81. Ke7 Ra7+ 82. Kf6 Ra6+ 83. Kg5 Ra1 84. Rf3+ Kh2 85. Kg6 Ra6+ 86. Rf6 Ra8 87. Rf8 Ra6+ 88. Kh7 Ra7 89. Kh8 1-0

[Event "Manitoba op"]
[Site "Winnipeg CAN"]
[Date "2025.05.09"]
[Round "1.9"]
[White "Currie, James"]
[Black "Miao, Yupeng"]
[Result "1-0"]
[WhiteElo "1960"]
[BlackElo "1773"]
[WhiteFideId "-1"]
[WhiteFideId "-1"]
[PlyCount "95"]
[GameId "2183595119831538"]
[EventDate "2025.05.09"]
[EventType "swiss"]
[EventRounds "5"]
[EventCountry "CAN"]

1. e4 e5 2. f4 d6 3. Nf3 Nc6 4. Nc3 Nf6 5. Bc4 Be7 6. O-O O-O 7. d4 exd4 8. Nxd4 Nxd4 9. Qxd4 b6 10. Nd5 Bb7 11. Rf3 Nxd5 12. exd5 Bf6 13. Qd3 c6 14. c3 Qc7 15. Be3 c5 16. g4 g6 17. g5 Bg7 18. f5 gxf5 19. Rxf5 f6 20. Raf1 Bc8 21. R5f3 f5 22. Bf4 a6 23. a4 Bd7 24. Bxa6 Be5 25. Bb5 Bxf4 26. Rxf4 Bc8 27. Qg3 Bd7 28. Bd3 Rxa4 29. Rxa4 Bxa4 30. Bxf5 Qe7 31. Qf4 Bc2 32. Be6+ Kg7 33. Qxf8+ Qxf8 34. Rxf8 Kxf8 35. Kf2 Kg7 36. Kg3 Bd3 37. Kf4 Bc2 38. Bf5 Bb3 39. Be4 Ba4 40. h4 Bd7 41. h5 h6 42. Bg6 Ba4 43. gxh6+ Kxh6 44. Kf5 b5 45. Ke6 b4 46. Kxd6 bxc3 47. bxc3 c4 48. Kc7 1-0

[Event "Manitoba op"]
[Site "Winnipeg CAN"]
[Date "2025.05.09"]
[Round "1.10"]
[White "Minano, John"]
[Black "Bilugan, Mason"]
[Result "0-1"]
[WhiteElo "1772"]
[BlackElo "1931"]
[WhiteFideId "-1"]
[WhiteFideId "-1"]
[PlyCount "78"]
[GameId "2183595119831539"]
[EventDate "2025.05.09"]
[EventType "swiss"]
[EventRounds "5"]
[EventCountry "CAN"]

1. Nf3 Nf6 2. g3 c5 3. Bg2 Nc6 4. O-O g6 5. d3 Bg7 6. e4 d6 7. Nbd2 O-O 8. c3 Rb8 9. Re1 e5 10. Nf1 h6 11. Ne3 b5 12. a3 a5 13. h4 Ng4 14. Nxg4 Bxg4 15. Be3 f5 16. Qb3+ Kh7 17. Nh2 Bh5 18. exf5 Ne7 19. fxg6+ Bxg6 20. Be4 Nf5 21. Qd1 h5 22. Nf3 Nxe3 23. Rxe3 Bh6 24. Bxg6+ Kxg6 25. Ng5 Bxg5 26. hxg5 Qxg5 27. d4 cxd4 28. Qd3+ Qf5 29. cxd4 Qxd3 30. Rxd3 e4 31. Rc3 Rfc8 32. Rac1 Rxc3 33. Rxc3 Kf5 34. Rc6 Ke6 35. Rc2 Kd5 36. Rd2 Rc8 37. Kf1 Rc4 38. Ke2 Rxd4 39. Rxd4+ Kxd4 0-1

[Event "Manitoba op"]
[Site "Winnipeg CAN"]
[Date "2025.05.10"]
[Round "2.1"]
[White "Babb, Jeff"]
[Black "Jodar, Marlon"]
[Result "0-1"]
[WhiteElo "2036"]
[BlackElo "2317"]
[WhiteFideId "-1"]
[WhiteFideId "-1"]
[PlyCount "76"]
[GameId "2183595119831540"]
[EventDate "2025.05.09"]
[EventType "swiss"]
[EventRounds "5"]
[EventCountry "CAN"]

1. f4 d5 2. Nf3 c5 3. g3 Nf6 4. Bg2 g6 5. O-O Bg7 6. d3 O-O 7. c3 Nc6 8. Na3 Re8 9. Ne5 Bf5 10. Nxc6 bxc6 11. h3 h5 12. Qa4 c4 13. e4 dxe4 14. d4 c5 15. dxc5 Qd3 16. Kh2 h4 17. gxh4 Nh5 18. Qxc4 Qg3+ 19. Kg1 e5 20. fxe5 Bxe5 21. Rxf5 gxf5 22. Qe2 Qh2+ 23. Kf2 Bg3+ 24. Kf1 Nf4 25. Bxf4 Bxf4 26. Rd1 Rad8 27. Rxd8 Rxd8 28. Nc4 Qg3 29. Nd6 Bxd6 30. cxd6 Rxd6 31. Qh5 Rd2 32. Qg5+ Qxg5 33. hxg5 Rxb2 34. h4 Rxa2 35. Bh3 f4 36. Bf5 e3 37. g6 f3 38. gxf7+ Kxf7 0-1

[Event "Manitoba op"]
[Site "Winnipeg CAN"]
[Date "2025.05.10"]
[Round "2.2"]
[White "Anderson, Collin"]
[Black "Currie, James"]
[Result "1-0"]
[WhiteElo "2251"]
[BlackElo "1960"]
[WhiteFideId "-1"]
[WhiteFideId "-1"]
[PlyCount "45"]
[GameId "2183595119831541"]
[EventDate "2025.05.09"]
[EventType "swiss"]
[EventRounds "5"]
[EventCountry "CAN"]

1. e4 d5 2. exd5 Nf6 3. Nf3 Nxd5 4. d4 Bf5 5. Bd3 Bxd3 6. Qxd3 Nc6 7. O-O Qd6 8. c4 Ndb4 9. Qb3 O-O-O 10. a3 Na6 11. Be3 e6 12. Nc3 Qd7 13. Qc2 Ne7 14. b4 Nf5 15. b5 Nb8 16. c5 c6 17. Qa4 Nxe3 18. fxe3 a6 19. bxa6 Nxa6 20. Ne5 Qc7 21. Nxf7 Rg8 22. Nxd8 Kxd8 23. Qb3 1-0

[Event "Manitoba op"]
[Site "Winnipeg CAN"]
[Date "2025.05.10"]
[Round "2.3"]
[White "Bilugan, Mason"]
[Black "Klusa, Mark"]
[Result "0-1"]
[WhiteElo "1931"]
[BlackElo "2074"]
[WhiteFideId "-1"]
[WhiteFideId "-1"]
[PlyCount "131"]
[GameId "2183595119831542"]
[EventDate "2025.05.09"]
[EventType "swiss"]
[EventRounds "5"]
[EventCountry "CAN"]

1. Nf3 d5 2. c4 c6 3. d4 Nf6 4. Nc3 dxc4 5. a4 Bf5 6. e3 Nbd7 7. Bxc4 e6 8. O-O Qc7 9. Nh4 Bd6 10. h3 Be4 11. f3 Bd5 12. Bxd5 cxd5 13. f4 a6 14. Qd3 O-O 15. f5 Bh2+ 16. Kh1 Nh5 17. Rd1 Ng3+ 18. Kxh2 Nxf5+ 19. Kg1 Nxh4 20. e4 dxe4 21. Nxe4 Nb6 22. Rf1 Ng6 23. h4 Nxh4 24. Qh3 Ng6 25. Ra3 f6 26. Qxe6+ Kh8 27. Rh3 Rfe8 28. Qg4 Nf8 29. Bf4 Rxe4 30. Bxc7 Rxg4 31. Bxb6 Nd7 32. Rb3 Nxb6 33. Rxb6 Rxd4 34. a5 Rd5 35. b4 Rb5 36. Rxb5 axb5 37. Rc1 h6 38. Rc5 Kh7 39. Rxb5 Ra7 40. Kf2 Kg6 41. g4 Kf7 42. Rb6 Ke7 43. Kf3 Kd7 44. Kf4 Kc7 45. Kf5 Ra8 46. Kg6 Re8 47. Kxg7 Re4 48. Kxf6 Rxg4 49. Kf5 h5 50. Ke5 h4 51. Kf5 Rc4 52. Ke5 Rc6 53. Rb5 h3 54. Kd4 Rh6 55. Rc5+ Kd6 56. Rc1 h2 57. Rh1 Rh4+ 58. Kc3 Kc6 59. Kb3 Kb5 60. Ka3 Rh3+ 61. Ka2 Kxb4 62. Kb2 Kxa5 63. Ra1+ Kb4 64. Rh1 Kc5 65. Kc2 Kd4 66. Kd2 0-1

[Event "Manitoba op"]
[Site "Winnipeg CAN"]
[Date "2025.05.10"]
[Round "2.4"]
[White "Villamar, Eros"]
[Black "Nagelberg, Alan"]
[Result "1-0"]
[WhiteElo "1790"]
[BlackElo "2035"]
[WhiteFideId "-1"]
[WhiteFideId "-1"]
[PlyCount "81"]
[GameId "2183595119831543"]
[EventDate "2025.05.09"]
[EventType "swiss"]
[EventRounds "5"]
[EventCountry "CAN"]

1. e4 e5 2. Nf3 Nc6 3. Bb5 Bb4 4. c3 Ba5 5. Bxc6 dxc6 6. O-O Bg4 7. h3 h5 8. d3 Qf6 9. Nbd2 O-O-O 10. Nc4 Bxf3 11. Qxf3 Bb6 12. Qg3 Re8 13. a4 Bc5 14. b4 Bd6 15. Be3 Kb8 16. f3 Ne7 17. Qf2 Nc8 18. Rfb1 g5 19. b5 c5 20. a5 b6 21. axb6 cxb6 22. Bd2 Qe6 23. Bxg5 Reg8 24. h4 Rh7 25. Kh2 Rhg7 26. Rg1 f6 27. Bd2 f5 28. g3 Be7 29. Nxe5 Bxh4 30. Nc6+ Ka8 31. gxh4 Qd6+ 32. e5 Qxd3 33. Rxg7 Rxg7 34. f4 Kb7 35. Rg1 Rxg1 36. Kxg1 Qxb5 37. Nd8+ Kc7 38. Ne6+ Kd7 39. Ng7 Qb3 40. Kh2 Qf7 41. e6+ 1-0

[Event "Manitoba op"]
[Site "Winnipeg CAN"]
[Date "2025.05.10"]
[Round "2.5"]
[White "Stordeur, Jackson"]
[Black "Pottinger, Carl"]
[Result "1-0"]
[WhiteElo "2018"]
[BlackElo "1781"]
[WhiteFideId "-1"]
[WhiteFideId "-1"]
[PlyCount "51"]
[GameId "2183595119831544"]
[EventDate "2025.05.09"]
[EventType "swiss"]
[EventRounds "5"]
[EventCountry "CAN"]

1. e4 c5 2. Nf3 d6 3. d4 cxd4 4. Nxd4 Nf6 5. Nc3 g6 6. Be3 Bg7 7. f3 O-O 8. Qd2 Nc6 9. Bc4 Bd7 10. O-O-O Rb8 11. Bb3 Na5 12. Bh6 Bxh6 13. Qxh6 b5 14. h4 b4 15. Nd5 Nxb3+ 16. Nxb3 e5 17. h5 Nxd5 18. hxg6 Nf6 19. g7 Re8 20. g4 Re6 21. g5 Nh5 22. Qxh5 h6 23. gxh6 Rg6 24. Rdg1 Qf6 25. Rxg6 fxg6 26. h7+ 1-0

[Event "Manitoba op"]
[Site "Winnipeg CAN"]
[Date "2025.05.10"]
[Round "2.6"]
[White "Hamm, Gabriel"]
[Black "Wang, Lucas"]
[Result "1-0"]
[WhiteElo "2003"]
[BlackElo "1802"]
[WhiteFideId "-1"]
[WhiteFideId "-1"]
[PlyCount "99"]
[GameId "2183595119831545"]
[EventDate "2025.05.09"]
[EventType "swiss"]
[EventRounds "5"]
[EventCountry "CAN"]

1. e4 c5 2. Nf3 d6 3. d4 cxd4 4. Nxd4 Nf6 5. Nc3 a6 6. h3 e5 7. Nde2 Be6 8. g4 h6 9. Bg2 Be7 10. Be3 Nbd7 11. O-O b5 12. a4 b4 13. Nd5 Bxd5 14. exd5 a5 15. Ng3 Nb6 16. b3 Nfd7 17. Nf5 Bf8 18. Qd2 h5 19. g5 g6 20. Ng3 Rc8 21. Ne4 Qc7 22. Rac1 Nc5 23. Bxc5 dxc5 24. d6 Qa7 25. Nf6+ Kd8 26. Rfe1 Nd7 27. Nxd7 Qxd7 28. Rxe5 Bxd6 29. Rd1 Re8 30. Qxd6 Qxd6 31. Rxd6+ Kc7 32. Rc6+ Kd7 33. Rxe8 Rxe8 34. Rxc5 Re1+ 35. Kh2 Re2 36. Kg3 h4+ 37. Kf3 Rd2 38. Ke3 Rd1 39. Rd5+ Rxd5 40. Bxd5 Ke7 41. Kf4 f6 42. Be4 f5 43. Bxf5 gxf5 44. Kxf5 Kf7 45. Kg4 Kg6 46. Kxh4 Kg7 47. Kh5 Kh7 48. g6+ Kg8 49. Kh6 Kh8 50. g7+ 1-0

[Event "Manitoba op"]
[Site "Winnipeg CAN"]
[Date "2025.05.10"]
[Round "2.7"]
[White "Ghobrial, Youssef"]
[Black "Gres, Yakiv"]
[Result "1-0"]
[WhiteElo "1814"]
[BlackElo "2006"]
[WhiteFideId "-1"]
[WhiteFideId "-1"]
[PlyCount "131"]
[GameId "2183595119831546"]
[EventDate "2025.05.09"]
[EventType "swiss"]
[EventRounds "5"]
[EventCountry "CAN"]

1. d4 Nf6 2. Bf4 c5 3. c3 Qb6 4. Qc1 cxd4 5. cxd4 Nc6 6. e3 d5 7. Nf3 Bf5 8. a3 Rc8 9. Nc3 a6 10. Be2 Na5 11. Bd1 Nb3 12. Bxb3 Qxb3 13. Nd2 Qb6 14. O-O e6 15. Nf3 Be7 16. Qd2 O-O 17. Rac1 Qb3 18. Ne5 b5 19. Bg5 b4 20. axb4 Bxb4 21. Bxf6 gxf6 22. Nd7 Rfd8 23. Nxf6+ Kh8 24. h3 a5 25. g4 Bg6 26. f4 Be4 27. Nfxe4 dxe4 28. Qc2 Qxc2 29. Rxc2 Rc4 30. Ra1 Rdc8 31. Re2 Bxc3 32. bxc3 Rxc3 33. Rxa5 Rc1+ 34. Kg2 f6 35. Ra6 R8c6 36. Rxc6 Rxc6 37. Kg3 Kg7 38. h4 h6 39. f5 h5 40. fxe6 Rxe6 41. gxh5 Kh6 42. Kg4 Rd6 43. Rf2 Kg7 44. Rf4 Re6 45. Kf5 Kf7 46. Rxe4 Ra6 47. Rf4 Ra5+ 48. Kg4 Rd5 49. h6 Kg6 50. h7 Kxh7 51. Rxf6 Kg7 52. Rf5 Rd8 53. d5 Re8 54. Kf4 Rh8 55. h5 Re8 56. e4 Rd8 57. Ke5 Re8+ 58. Kd4 Ra8 59. Kc5 Ra5+ 60. Kb6 Ra1 61. d6 Rb1+ 62. Kc6 Rc1+ 63. Rc5 Rd1 64. d7 Kf7 65. Rd5 Rc1+ 66. Kd6 1-0

[Event "Manitoba op"]
[Site "Winnipeg CAN"]
[Date "2025.05.10"]
[Round "2.9"]
[White "Miao, Yupeng"]
[Black "Punay, Rhailey"]
[Result "0-1"]
[WhiteElo "1773"]
[BlackElo "1845"]
[WhiteFideId "-1"]
[WhiteFideId "-1"]
[PlyCount "68"]
[GameId "2183595119831547"]
[EventDate "2025.05.09"]
[EventType "swiss"]
[EventRounds "5"]
[EventCountry "CAN"]

1. e4 e5 2. Nf3 Nc6 3. Bb5 a6 4. Ba4 Nf6 5. O-O Be7 6. Re1 b5 7. Bb3 O-O 8. c3 d5 9. exd5 Nxd5 10. Nxe5 Nxe5 11. Rxe5 c6 12. d4 Bd6 13. Re1 Qh4 14. g3 Qh3 15. Qf3 Bg4 16. Qg2 Qh5 17. Bxd5 cxd5 18. Be3 Bf3 19. Qf1 f5 20. Nd2 f4 21. Nxf3 fxe3 22. Rxe3 Rxf3 23. Qe2 Raf8 24. Rxf3 Qxf3 25. Qe6+ Kh8 26. Qxd6 Qxf2+ 27. Kh1 Qf3+ 28. Kg1 h6 29. Qe7 Qf2+ 30. Kh1 Rf7 31. Qe8+ Rf8 32. Qe7 Rf5 33. Qe8+ Kh7 34. Qe6 Rh5 0-1